Population Battle - Largest Cities - Sudden Death - Statistics

General Stats
  • This quiz has been taken 1,330 times
  • The average score is 4 of 10
Answers on the Grid
Answers color-coded by a green-red scale on the quiz's grid according to % correct below.
Beijing
Guangzhou
Shanghai
Kyoto
Osaka
Tokyo
Barcelona
Madrid
Lisbon
Cape Town
Durban
Johannesburg
Basel
Bern
Geneva
Adelaide
Brisbane
Perth
Dallas
Philadelphia
Phoenix
Bordeaux
Nice
Toulouse
Doha
Dubai
Riyadh
Cardiff
Dublin
Glasgow
 
Answer Stats
Answer % Correct
Tokyo
92%
Guangzhou
84%
Madrid
71%
Johannesburg
60%
Geneva
37%
Brisbane
29%
Dublin
10%
Phoenix
10%
Riyadh
9%
Toulouse
6%
No matching quizzes found
Score Distribution
Percent of People with Each Score
Percentile by Number Answered
Your Score History
You have not taken this quiz